000 00635nam a2200241Ia 4500
003 OSt
005 20220923211631.0
006 a|||||r|||| 00| 0
007 ta
008 220922b |||||||| |||| 00| 0 san d
024 _a34,853
037 _cTextual
040 _aARTS
_cARTS
_bsan
041 _2san
_asan
082 _aO15,3M59,1, K9
100 _aव्यास
245 0 _aशिवराजेजिये
246 _aShivarājejiye
260 _c1969
650 _aसंस्कृत साहित्य
942 _hO15,3M59,1, K9
_cTEXL
_2CC
999 _c301805
_d301805